Detekcia pohyblivých objektov

Salvato in:
Dettagli Bibliografici
Autore principale: Smutný, Martin (Autore)
Altri autori: Babinec, Andrej (Relatore della tesi)
Natura: Manoscritto Libro
Lingua:slovacco
Pubblicazione: 2018
Soggetti:
Accesso online:http://is.stuba.sk/zp/portal_zp.pl?podrobnosti=125680
Tags: Aggiungi Tag
Nessun Tag, puoi essere il primo ad aggiungerne!!

MARC

LEADER 00000ntm a22000003a 4500
001 stuzp59748
003 SK-STU
005 20181107122645.0
007 ta
008 150427s2015----xo-----f-mn---000-0-slo-d
040 |a STU  |b slo 
041 0 |a slo 
044 |a xo 
100 1 |a Smutný, Martin  |u 031000  |4 aut  |U FEI Fakulta elektrotechniky a informatiky  |T FEI Ústav robotiky a kybernetiky  |X 74805  |U E011  |Y 356  |7 74805 
242 0 1 |a Detection of Moving Objects  |y eng 
245 1 0 |a Detekcia pohyblivých objektov 
260 |c 2018 
300 |a 40 s.,  |b CD-ROM 
650 4 |a laser rangefinder  |2 eng 
650 4 |a MATLAB  |2 eng 
650 4 |a moving object detection  |2 eng 
650 4 |a MATLAB  |2 slo 
650 4 |a detekcia pohyblivých objektov  |2 slo 
650 4 |a laserový diaľkomer  |2 slo 
700 1 |a Babinec, Andrej  |u 031000  |k Z1  |4 ths  |U FEI Fakulta elektrotechniky a informatiky  |T FEI Ústav robotiky a kybernetiky  |X 11598  |U E011  |Y 356  |7 A000011598 
856 4 |u http://is.stuba.sk/zp/portal_zp.pl?podrobnosti=125680 
996 |b 284ER02676  |c E*Bc- 2676  |l EE31  |s P  |a 0  |w stuzp59748_0001